000 01657cad a2200361aa 4500
001 L158040
008 140205s2014 xxk 000 0 eng u
020 _a9781783210381
035 _a(Sirsi) u158040
041 0 _aeng
050 0 4 _a346.4104342 $2 18
110 2 _aRoyal Institution of Chartered Surveyors
_94900
245 0 0 _aService charges in commercial property
_bRICS code of practice UK
_h[electronic resource]
_c[archived]
250 _a3rd ed.
260 _aLondon
_bRICS
_c2014
490 0 _aRICS Code of Practice
490 0 _aRICS Guidance Note
520 _aAims to improve standards and promote best practice in the management and administration of service charges in commercial property, thus reducing the causes of disputes.
520 _aSupersedes second edition in Februrary 2014, ISBN 9781842196687.
520 _aSuperseded by Service charges in commercial property, 1st edition (2018). Although this document is a first edition PS it supersedes the previous 3 editions, which were published as codes of practice.
590 _aKA
651 4 _aUnited Kingdom
690 _aCommercial property
_96227
690 _aProperty management
_96262
710 2 _aBritish Council for Offices
_93992
710 2 _aBritish Council of Shopping Centres
_91982
710 2 _aBritish Property Federation
_91604
710 2 _aBritish Retail Consortium
_91582
710 2 _aProperty Managers Association
_9213
710 1 _aCorenet Global
_94279
856 4 0 _uhttps://www.isurv.com/downloads/file/5830/archive_service_charges_in_commercial_property_3rd_edition_2014
_zArchived on isurv (subscription required)
942 _n0
_2ddc
999 _c115095
_d115095